Norma Chilena Oficial NCh 2239. Of1999, ISO 2859-3
Сохранить в:
| Соавтор: | |
|---|---|
| Формат: | |
| Язык: | испанский |
| Опубликовано: |
Santiago
INN
1999
|
| Предметы: | |
| Метки: |
Добавить метку
Нет меток, Требуется 1-ая метка записи!
|
MARC
| LEADER | 00000nam a2200000 a 4500 | ||
|---|---|---|---|
| 001 | UCL3150 | ||
| 003 | CL-VaPUC | ||
| 008 | 031114e19990000CL |||||||||||||||||spa|d | ||
| 082 | 0 | 4 | |a 658.562 |b INS |2 21 |
| 110 | 2 | |a Instituto Nacional de Normalización |e author |9 480387 | |
| 245 | 1 | 0 | |a Norma Chilena Oficial NCh 2239. Of1999, ISO 2859-3 |
| 246 | 1 | 0 | |a Procedimientos de muestreo para inspección por atributos - Procedimientos de muestreo sucesivo parcial |
| 300 | |a 25 p | ||
| 942 | |c BK | ||
| 945 | |d 20031114 00:00:00 |a cmena | ||
| 260 | |a Santiago |b INN |c 1999 | ||
| 650 | 0 | |a Control de calidad |9 259714 | |
| 650 | 0 | |a Normalización |9 262666 | |
| 650 | 0 | |a Muestreo |9 270457 | |
| 583 | |a last modification |c 20031114 00:00:00 |k Rodrigo Vera | ||
| 999 | |c 306276 |d 306274 | ||
| 952 | |0 0 |1 0 |4 0 |6 658_562000000000000_INS_1999 |7 0 |8 A |9 371196 |a BIBALI |b BIBALI |c REF |d 2019-11-21 |i 3961338 |o 658.562 INS 1999 |p 3961338 |r 2025-01-20 |w 2019-11-21 |y BK_F |k ALI | ||